| 000 | 00450nmm a2200157Ia 4500 | ||
|---|---|---|---|
| 008 | 251105s9999||||xx |||||||||||||||||und|| | ||
| 020 | _a9789586486620 | ||
| 041 | _aspa | ||
| 100 | _aRuiz Orejuela, Wilson | ||
| 245 | 0 | _aResponsabilidad del Estado y sus regímenes | |
| 264 |
_a[Bogotá, Colombia] : _bEcoe Ediciones, _c2010 |
||
| 300 | _a411 páginas | ||
| 650 | _aLaw | ||
| 856 | _uhttps://public.digitaliapublishing.com/a/103014 | ||
| 942 | _cCF | ||
| 999 |
_c95308 _d95308 |
||